[Event "ch-FRA Blitz Online Qual"]
[Site "Europe-Chess INT"]
[Date "2020.05.16"]
[Round "15"]
[White "Khachatryan, Samvel S."]
[Black "Gatineau, Yovann"]
[Result "0-1"]
[BlackTitle "FM"]
[WhiteElo "2179"]
[BlackElo "2423"]
[WhiteFideId "13309048"]
[BlackFideId "26028999"]
[EventDate "2020.05.16"]

1. e4 c6 2. d4 g6 3. Nc3 d5 4. Nf3 Bg4 5. Be2 Bxf3 6. Bxf3 e6 7. O-O Bg7 8. Be3
Ne7 9. Qd2 O-O 10. Rad1 Nd7 11. Bh6 Nf6 12. e5 Nd7 13. h4 Bxh6 14. Qxh6 Nf5 15.
Qg5 Nxh4 16. Qxd8 Nxf3+ 17. gxf3 Raxd8 18. Kg2 c5 19. f4 cxd4 20. Rxd4 Rc8 21.
Rd2 Nc5 22. f3 Kg7 23. Ne2 Na6 24. c3 Nb8 25. Nd4 Nc6 26. Nb5 a6 27. Nd6 Rc7 28.
Kg3 f6 29. Re1 fxe5 30. fxe5 Ne7 31. f4 Nf5+ 32. Kg4 Rd7 33. Nc4 Rdf7 34. Nd6
Nh6+ 35. Kg3 Rxf4 36. Ne8+ Kh8 37. Nf6 Rc4 38. Rh2 Nf5+ 39. Kg2 Rf7 40. Reh1 h5
41. Rh3 Kg7 42. b3 Rc8 43. Kf2 Ne7 44. Rg1 Kf8 45. Ke2 Rg7 46. Rf3 Nf5 47. Kd3
Ke7 48. Rf2 Rh8 49. Rfg2 Kf7 50. c4 dxc4+ 51. Kxc4 Ne3+ 52. Kc5 Nxg2 53. Rxg2
Ke7 54. Rd2 Rd8 55. Rg2 Rd3 56. Kb6 Re3 57. Rg5 Rxe5 58. Rxe5 Kxf6 59. Re2 h4
60. Rf2+ Kg5 61. Re2 Kf5 62. Rf2+ Kg4 63. Re2 h3 64. Rxe6 h2 65. Re1 Kg3 66.
Re3+ Kf2 67. Rh3 Kg2 0-1

[Event "ch-FRA Blitz Online Qual"]
[Site "Europe-Chess INT"]
[Date "2020.05.16"]
[Round "15"]
[White "Berthaut, Alexandre"]
[Black "Doluhanova, Evgeniya"]
[Result "0-1"]
[BlackTitle "WGM"]
[WhiteElo "1924"]
[BlackElo "2229"]
[WhiteFideId "26080192"]
[BlackFideId "14112035"]
[EventDate "2020.05.16"]

1. e4 e5 2. Nf3 Nc6 3. Bc4 Bc5 4. b4 Bxb4 5. c3 Ba5 6. d4 exd4 7. O-O d6 8. cxd4
Bb6 9. Nc3 Bg4 10. Qa4 Bxf3 11. d5 Bh5 12. dxc6 bxc6 13. Qxc6+ Kf8 14. e5 Ne7
15. Qa4 Bg6 16. exd6 cxd6 17. Ba3 Rc8 18. Rad1 Bc5 19. Ba6 Rc6 20. Rfe1 h5 21.
Bb5 Rc7 22. Nd5 Bxa3 23. Qxa3 Rb7 24. Nxe7 Rxe7 25. Rxe7 Kxe7 26. Qxa7+ Kf6 27.
Qd4+ Kg5 28. Qd5+ Kh6 29. a4 Qf6 30. h3 Rc8 31. a5 Rc2 32. Rd2 Qa1+ 33. Rd1 Qxa5
34. Qd3 Bxd3 35. Bxd3 Rd2 36. Rxd2 Qxd2 37. Bf1 Qe1 0-1

[Event "ch-FRA Blitz Online Qual"]
[Site "Europe-Chess INT"]
[Date "2020.05.16"]
[Round "15"]
[White "Barbaras, Mathieu"]
[Black "Le Brech, Cyril"]
[Result "1-0"]
[WhiteElo "2200"]
[BlackElo "1986"]
[WhiteFideId "20622910"]
[BlackFideId "20675186"]
[EventDate "2020.05.16"]

1. d4 Nf6 2. Nf3 e6 3. c4 Bb4+ 4. Nbd2 O-O 5. a3 Bxd2+ 6. Qxd2 d5 7. e3 Ne4 8.
Qc2 c6 9. Bd3 f5 10. O-O Nd7 11. b4 Ndf6 12. Ne5 Nd7 13. Nxd7 Bxd7 14. f3 Nf6
15. a4 Qe7 16. b5 Rfe8 17. Ba3 Qf7 18. Bd6 g6 19. Be5 Rec8 20. Qb3 Be8 21. Rfc1
b6 22. a5 cxb5 23. cxb5 bxa5 24. Qa3 Nd7 25. Qxa5 Nxe5 26. dxe5 Qb7 27. Rxc8
Qxc8 28. b6 a6 29. Bxa6 Qc6 30. b7 Rb8 31. Qb5 Qxb5 32. Bxb5 Rxb7 33. Bxe8 Rb3
34. Kf2 Rb2+ 35. Kg3 g5 36. Ra8 Kg7 37. Ra7+ Kf8 38. Bd7 Rb3 39. Bxe6 Rxe3 40.
Bxf5 Rxe5 41. Bxh7 Ke8 42. Bg6+ Kf8 43. Rf7+ Kg8 44. Rf5 1-0

[Event "ch-FRA Blitz Online Qual"]
[Site "Europe-Chess INT"]
[Date "2020.05.16"]
[Round "15"]
[White "Mallassagne, Francois-Eric"]
[Black "Profili, Emilio"]
[Result "1-0"]
[WhiteElo "2163"]
[BlackElo "2053"]
[WhiteFideId "620025"]
[BlackFideId "45160805"]
[EventDate "2020.05.16"]

1. d4 Nf6 2. Nf3 c5 3. c3 g6 4. Bg5 Bg7 5. e3 cxd4 6. cxd4 O-O 7. Bd3 d5 8. O-O
Nc6 9. Nc3 Nb4 10. Bb1 Bg4 11. a3 Nc6 12. h3 Bxf3 13. Qxf3 e6 14. Bd3 h6 15. Bh4
Rc8 16. Rad1 g5 17. Bg3 a6 18. Na4 Nd7 19. b4 f5 20. Bd6 Rf7 21. Nc5 Nxc5 22.
bxc5 Qa5 23. Ra1 Qc3 24. Qe2 f4 25. Rfc1 Qa5 26. Rcb1 Qd8 27. Rb6 Qf6 28. Rab1
Nd8 29. Be5 Qe7 30. Bd6 Qf6 31. Be5 Qe7 32. Bg6 Bxe5 33. Bxf7+ Qxf7 34. dxe5
Rxc5 35. exf4 Qxf4 36. Rd6 Nf7 37. Rxe6 Qf5 38. Re8+ Kg7 39. Rxb7 Rc1+ 40. Kh2
Rc2 41. e6 Qf4+ 42. g3 Qxf2+ 43. Qxf2 Rxf2+ 44. Kg1 Rf3 45. Rxf7+ Rxf7 46. exf7
Kxf7 1-0

[Event "ch-FRA Blitz Online Qual"]
[Site "Europe-Chess INT"]
[Date "2020.05.16"]
[Round "15"]
[White "Cavailles, Evan"]
[Black "Luminais, Eric"]
[Result "0-1"]
[WhiteElo "2018"]
[BlackElo "2161"]
[WhiteFideId "36048445"]
[BlackFideId "610372"]
[EventDate "2020.05.16"]

1. e4 c5 2. Nf3 e6 3. d4 cxd4 4. Nxd4 Nf6 5. Nc3 d6 6. Be3 a6 7. Be2 Qc7 8. O-O
b5 9. Bf3 Bb7 10. a3 Nbd7 11. Re1 Be7 12. g3 Ne5 13. Bg2 h5 14. h3 Rd8 15. Qe2
Nc4 16. Bc1 h4 17. g4 Nxa3 18. Rxa3 b4 19. Ncb5 Qd7 20. Ra1 axb5 21. Nxb5 d5 22.
e5 Ne4 23. Bxe4 dxe4 24. Be3 O-O 25. Rad1 Qc6 26. Nd4 Qc7 27. Bf4 g5 28. Be3
Qxe5 29. Rd2 Bd6 30. Qb5 Qh2+ 31. Kf1 Qxh3+ 32. Ke2 Bd5 33. Rg1 Rc8 34. Qb6 Bc4+
35. Ke1 Bh2 36. Rf1 Qxg4 37. Rh1 Qg2 38. Qa5 Qxh1# 0-1

[Event "ch-FRA Blitz Online Qual"]
[Site "Europe-Chess INT"]
[Date "2020.05.16"]
[Round "15"]
[White "Ellis, Antoine"]
[Black "Hasseine, Madiane"]
[Result "0-1"]
[WhiteElo "2066"]
[BlackElo "2157"]
[WhiteFideId "36019992"]
[BlackFideId "45180482"]
[EventDate "2020.05.16"]

1. d4 d5 2. c4 c6 3. Nf3 Nf6 4. Nbd2 Bf5 5. Nh4 Bg4 6. h3 Bh5 7. g4 Bg6 8. Nxg6
hxg6 9. Bg2 e6 10. e3 Nbd7 11. b3 a5 12. a3 Bd6 13. Bb2 e5 14. g5 Nh5 15. Qg4 e4
16. O-O O-O 17. Rae1 Qe7 18. c5 Bc7 19. h4 Kh7 20. Bh3 f5 21. gxf6 Ndxf6 22. Qg5
Bb8 23. Kg2 Qc7 24. Rh1 b6 25. cxb6 Qxb6 26. Rhg1 Qc7 27. Rh1 Qf7 28. Ref1 Bd6
29. Rc1 Ng4 30. Rhf1 Nh2 31. Bg4 Nxf1 32. Rxf1 Be7 33. Qe5 Bf6 34. Qh2 c5 35.
Nb1 cxd4 36. Bxd4 Bxd4 37. exd4 Nf4+ 38. Kh1 Nd3 39. Kg1 Qf4 40. Qg2 e3 41. Nc3
exf2+ 42. Kh1 Qxd4 43. Nxd5 Nf4 44. Nxf4 Qxf4 45. h5 gxh5 46. Bh3 g5 47. Qb7+
Kh6 48. Qc6+ Qf6 49. Qd5 Rad8 50. Qb7 Qf3+ 51. Bg2 Qxb7 52. Bxb7 Rb8 53. Bd5 g4
54. Kg2 h4 55. Bc4 g3 56. Rd1 Rbd8 57. Rc1 Rd2 58. Be6 f1=Q# 0-1

[Event "ch-FRA Blitz Online Qual"]
[Site "Europe-Chess INT"]
[Date "2020.05.16"]
[Round "15"]
[White "Daeschler, Florian"]
[Black "Redjem, Mohamed"]
[Result "1/2-1/2"]
[WhiteTitle "FM"]
[WhiteElo "2322"]
[BlackElo "1777"]
[WhiteFideId "20678193"]
[BlackFideId "20608128"]
[EventDate "2020.05.16"]

1. d4 d5 2. c4 e6 3. Nf3 Nf6 4. g3 c6 5. Bg2 Be7 6. O-O O-O 7. Nbd2 Ne4 8. Nxe4
dxe4 9. Ne1 f5 10. f3 exf3 11. Nxf3 Nd7 12. Bf4 Nf6 13. Ne5 Qb6 14. Qd2 Rd8 15.
e3 Bd7 16. c5 Qa6 17. Rfd1 Be8 18. Bf1 b5 19. a4 Qb7 20. axb5 Bxc5 21. bxc6 Bxc6
22. Nxc6 Qxc6 23. Bg2 Ne4 24. Qc2 Qb5 25. dxc5 Rxd1+ 26. Rxd1 Rc8 27. Bxe4 Rxc5
28. Qd3 fxe4 29. Qxb5 Rxb5 30. Rd2 a5 31. Kf2 Kf7 32. Ke2 h6 33. g4 Kf6 34. Rc2
e5 35. Bg3 a4 36. Be1 Kg5 37. h3 h5 38. gxh5 Kxh5 39. Bc3 Rc5 40. Rc1 Kh4 41.
Rg1 g5 42. Rg4+ Kxh3 43. Rxg5 a3 44. Rh5+ Kg4 45. Rxe5 axb2 46. Bxb2 Rc2+ 47.
Kd1 Rxb2 48. Rxe4+ Kf3 49. Re8 Rb1+ 50. Kd2 Rb2+ 51. Kc3 Rb7 52. e4 Kf4 53. Kd4
Rd7+ 54. Kc5 Rd1 55. Re7 Re1 56. Kd5 Rd1+ 57. Kc4 Re1 58. Rf7+ Ke5 59. Re7+ Kf4
60. Kd3 Rd1+ 61. Ke2 Rd4 62. e5 Re4+ 63. Kd3 Rxe5 64. Rxe5 Kxe5 1/2-1/2

[Event "ch-FRA Blitz Online Qual"]
[Site "Europe-Chess INT"]
[Date "2020.05.16"]
[Round "15"]
[White "Nineuil, Vincent"]
[Black "Cahen, Alexis"]
[Result "0-1"]
[WhiteElo "1920"]
[BlackElo "2122"]
[WhiteFideId "688380"]
[BlackFideId "26076918"]
[EventDate "2020.05.16"]

1. e4 c5 2. Nf3 d6 3. d4 cxd4 4. Nxd4 Nf6 5. Nc3 g6 6. Be3 Bg7 7. f3 O-O 8. Bc4
Nc6 9. Qd2 Bd7 10. Bb3 Ne5 11. O-O-O Qa5 12. Kb1 Rfc8 13. g4 Nc4 14. Bxc4 Rxc4
15. Nb3 Qa6 16. h4 Rac8 17. h5 Bxg4 18. fxg4 Rxc3 19. bxc3 Nxe4 20. Qd3 Nxc3+
21. Kc1 Qxa2 22. Bd4 Bh6+ 23. Be3 Bxe3+ 24. Qxe3 Nxd1 25. Kxd1 Qxc2+ 26. Ke1
Qb1+ 27. Ke2 Qxh1 28. h6 Rc2+ 29. Kd3 Qd1+ 30. Nd2 Qxd2+ 0-1

[Event "ch-FRA Blitz Online Qual"]
[Site "Europe-Chess INT"]
[Date "2020.05.16"]
[Round "15"]
[White "Kovacs, Klara"]
[Black "Pichon, Ewen"]
[Result "1/2-1/2"]
[WhiteTitle "WIM"]
[WhiteElo "2154"]
[BlackElo "1821"]
[WhiteFideId "733210"]
[BlackFideId "45155593"]
[EventDate "2020.05.16"]

1. Nf3 Nf6 2. g3 g6 3. Bg2 Bg7 4. c4 c5 5. O-O O-O 6. Nc3 Nc6 7. a3 e6 8. Rb1 a5
9. d4 cxd4 10. Nxd4 d5 11. cxd5 exd5 12. Bg5 Be6 13. e4 dxe4 14. Nxe6 fxe6 15.
Nxe4 Qxd1 16. Rfxd1 Nxe4 17. Bxe4 Nd4 18. Bxb7 Rab8 19. Be4 Nf3+ 20. Bxf3 Rxf3
21. Bf4 Rxb2 22. Rd8+ Kf7 23. Rd7+ Ke8 24. Rbd1 Bf6 25. Rxh7 Rfxf2 26. Re1 Rg2+
27. Kh1 Rge2 28. Rd1 e5 29. Bc1 Rbc2 30. a4 Be7 31. g4 e4 32. Rh3 Bc5 33. Bf4 e3
34. g5 Kf7 35. Rf3 Ke6 36. Bg3 Rcd2 37. Rf6+ Ke7 38. Rdf1 Rf2 39. Bxf2 exf2 40.
Kg2 Ra2 41. Rxg6 Rxa4 42. Rc6 Rg4+ 43. Kf3 Rg1 44. Ke2 Rxg5 45. h4 Rh5 46. Ra6
Rxh4 47. Rxa5 Rh5 48. Ra4 Kd6 49. Ra6+ Kd5 50. Rg6 Kc4 51. Rg4+ Kb5 52. Rf4 Kc6
53. Rc1 Re5+ 54. Kf1 Kb6 55. Rfc4 Kb5 56. R4c2 Kb6 57. Kg2 Rg5+ 58. Kf3 Kb5 59.
Ke2 Kb6 60. Rb1+ Kc6 61. Rbc1 Kd6 62. Rxc5 Rxc5 63. Rxc5 Kxc5 64. Kxf2 1/2-1/2

[Event "ch-FRA Blitz Online Qual"]
[Site "Europe-Chess INT"]
[Date "2020.05.16"]
[Round "15"]
[White "Martinez Martinez, Mateo"]
[Black "Richard, Emma"]
[Result "1-0"]
[BlackTitle "WFM"]
[WhiteElo "1917"]
[BlackElo "2160"]
[WhiteFideId "36055140"]
[BlackFideId "657590"]
[EventDate "2020.05.16"]

1. d4 Nf6 2. c4 e6 3. Nc3 c5 4. d5 exd5 5. cxd5 d6 6. e4 g6 7. f4 Bg7 8. e5 Nh5
9. Nf3 O-O 10. Be2 Re8 11. O-O dxe5 12. fxe5 Bxe5 13. Nxe5 Rxe5 14. g4 Ng7 15.
Bf4 Re8 16. Bf3 Nd7 17. Nb5 Ne5 18. h3 a6 19. Nc3 c4 20. Bxe5 Rxe5 21. Qd4 Re8
22. Qxc4 Bd7 23. Kg2 Rc8 24. Qd4 b5 25. Rad1 Rc4 26. Qd2 b4 27. Qd3 Qc8 28. Ne4
Rc2+ 29. Kh1 Re5 30. Nf6+ Kh8 31. Nxd7 Re8 32. Nf6 Rd8 33. Rfe1 Rxb2 34. d6 Ne6
35. d7 Qb8 36. Rd2 Rxd2 37. Qxd2 Nc5 38. Qd4 Ne6 39. Qb2 Qg3 40. Nh5+ Kg8 41.
Nxg3 1-0

[Event "ch-FRA Blitz Online Qual"]
[Site "Europe-Chess INT"]
[Date "2020.05.16"]
[Round "15"]
[White "Fretel, Liza"]
[Black "Pottier, Simeon"]
[Result "0-1"]
[WhiteElo "1934"]
[BlackElo "2186"]
[WhiteFideId "26045460"]
[BlackFideId "26069296"]
[EventDate "2020.05.16"]

1. e4 c5 2. Nc3 Nc6 3. Bb5 Nd4 4. Bc4 g6 5. Nf3 Nc6 6. O-O Bg7 7. d3 Nf6 8. Be3
d6 9. h3 O-O 10. a3 a6 11. Ba2 b5 12. Ne2 a5 13. c3 Ba6 14. Rc1 b4 15. Nf4 bxc3
16. bxc3 Rb8 17. Nd5 Ne5 18. Nxe5 dxe5 19. Bxc5 Nxd5 20. Bxd5 Qc7 21. Be3 e6 22.
Rb1 exd5 23. exd5 Qxc3 24. Qa4 Rxb1 25. Rxb1 Qxd3 26. Rd1 Qb5 27. Qc2 Rd8 28. d6
Bf8 29. Bc5 Bb7 30. Kh2 Qc6 31. f3 Bxd6 32. Qc3 e4+ 33. Kh1 exf3 34. gxf3 Qxf3+
35. Qxf3 Bxf3+ 36. Kg1 Bxc5+ 37. Kf1 Rxd1# 0-1

[Event "ch-FRA Blitz Online Qual"]
[Site "Europe-Chess INT"]
[Date "2020.05.16"]
[Round "15"]
[White "Massiani, Xavier"]
[Black "Lamorelle, Yves"]
[Result "1-0"]
[BlackTitle "FM"]
[WhiteElo "1781"]
[BlackElo "2052"]
[WhiteFideId "45145059"]
[BlackFideId "601810"]
[EventDate "2020.05.16"]

1. e4 e5 2. Nf3 Nc6 3. d4 exd4 4. Nxd4 Bc5 5. Be3 Qf6 6. c3 Nge7 7. g3 d5 8. Bg2
dxe4 9. Nb5 Bd6 10. Nd2 Bf5 11. Nxe4 Bxe4 12. Bxe4 O-O-O 13. Qb3 a6 14. Na7+ Kd7
15. Nxc6 bxc6 16. O-O-O Rb8 17. Qa4 Rhd8 18. Rhe1 Ke8 19. Bxc6+ Kf8 20. Be4 Rb5
21. Bd3 Rbb8 22. h4 Nf5 23. Bg5 Qg6 24. Bxd8 Rxd8 25. g4 Qh6+ 26. g5 Qh5 27.
Bxf5 1-0

[Event "ch-FRA Blitz Online Qual"]
[Site "Europe-Chess INT"]
[Date "2020.05.16"]
[Round "15"]
[White "Suarez Real, Alberto"]
[Black "Deschamps, Quentin"]
[Result "1-0"]
[WhiteTitle "IM"]
[WhiteElo "2448"]
[BlackElo "1908"]
[WhiteFideId "2218534"]
[BlackFideId "26010119"]
[EventDate "2020.05.16"]

1. Nf3 c5 2. g3 Nc6 3. Bg2 d6 4. O-O g6 5. d4 cxd4 6. Nxd4 Nxd4 7. Qxd4 Nf6 8.
c4 Bg7 9. Nc3 O-O 10. Qh4 h5 11. Bg5 Be6 12. b3 Qd7 13. Rfd1 Rac8 14. Rac1 b6
15. e4 Qc7 16. h3 Rfe8 17. Kh1 Nh7 18. Nd5 Bxd5 19. cxd5 Qd7 20. Be3 Bf6 21. Qf4
Bb2 22. Rb1 Be5 23. Qf3 Rc2 24. Rd2 Rec8 25. Qd1 Rxd2 26. Qxd2 Nf6 27. Rc1 Rxc1+
28. Qxc1 Ne8 29. Bf1 Nc7 30. a4 e6 31. Qc6 Qxc6 32. dxc6 Kf8 33. b4 d5 34. a5
bxa5 35. b5 d4 36. Bd2 a4 37. Bb4+ Ke8 38. f4 Bf6 39. Bc4 Be7 40. Ba5 Kd8 41.
Kg2 Bc5 42. Kf3 a3 43. Ke2 Kc8 44. Kd3 Kd8 45. Kc2 Kc8 46. Kb3 Kd8 47. Bd3 Ke7
48. Kc4 Bd6 49. Kxd4 a2 50. Bc3 f6 51. Kc4 e5 52. f5 gxf5 53. exf5 Kd8 54. Kb3
Bc5 55. Kxa2 Bb6 56. Kb3 Nd5 57. Bd2 Kc7 58. Be2 Ne3 59. Bxe3 Bxe3 60. Bxh5 Bb6
61. Be2 Kd6 62. h4 Ke7 63. h5 Kf7 64. Kc4 Kg7 65. Kd5 Kh6 66. Ke6 Kg5 67. g4 e4
68. Kd7 e3 69. c7 Bxc7 70. Kxc7 Kf4 71. h6 Kg3 72. h7 Kf2 73. Bc4 1-0

[Event "ch-FRA Blitz Online Qual"]
[Site "Europe-Chess INT"]
[Date "2020.05.16"]
[Round "15"]
[White "Barbot, Pierre1"]
[Black "Sesia, Noah"]
[Result "0-1"]
[WhiteTitle "IM"]
[WhiteElo "2443"]
[BlackElo "1822"]
[WhiteFideId "663727"]
[BlackFideId "26066904"]
[EventDate "2020.05.16"]

1. e4 e6 2. d4 d5 3. Nc3 Nf6 4. Bg5 Be7 5. e5 Nfd7 6. Bxe7 Qxe7 7. f4 O-O 8. Nf3
c5 9. Bd3 h6 10. dxc5 Nxc5 11. O-O Nc6 12. Qd2 b6 13. Rae1 Bb7 14. f5 Nxd3 15.
Qxd3 Rad8 16. Nd4 Qc5 17. Ne2 Ba6 18. Qg3 Bxe2 19. f6 g6 20. c3 Bxf1 21. Qf4 g5
22. Qe3 Bc4 23. h4 Nxd4 24. cxd4 Qb4 25. hxg5 Qxb2 26. Qf4 Qc2 27. Re3 Qg6 28.
Rg3 h5 29. Rh3 Be2 30. g4 Bxg4 31. Re3 Rc8 32. Kf2 Rc2+ 33. Kg3 Rfc8 34. a4 R8c3
35. a5 Rxe3+ 36. Qxe3 Re2 37. Qc3 h4+ 38. Kxg4 Qf5+ 39. Kxh4 Rh2+ 40. Kg3 Qf2+
41. Kg4 Qh4+ 42. Kf3 Rh3+ 43. Kg2 Rxc3 44. g6 Qg4+ 45. Kf2 Qxd4+ 46. Ke2 Qd3+
47. Kf2 Rc2+ 48. Ke1 Qe2# 0-1

[Event "ch-FRA Blitz Online Qual"]
[Site "Europe-Chess INT"]
[Date "2020.05.16"]
[Round "15"]
[White "Neau, Julien"]
[Black "Bujisho, Benjamin"]
[Result "0-1"]
[BlackTitle "IM"]
[WhiteElo "1916"]
[BlackElo "2290"]
[WhiteFideId "631388"]
[BlackFideId "608610"]
[EventDate "2020.05.16"]

1. d4 d6 2. c4 e5 3. d5 Be7 4. Nc3 Bg5 5. e3 Bh6 6. Bd3 f5 7. f4 exf4 8. exf4
Nf6 9. Nf3 O-O 10. O-O Na6 11. Nd4 g6 12. Re1 Nc5 13. Bc2 a5 14. g3 Bg7 15. Ne6
Nxe6 16. dxe6 Qe7 17. Nd5 Nxd5 18. cxd5 c6 19. dxc6 bxc6 20. Bb3 d5 21. Be3 Bxe6
22. Rc1 Qd7 23. Bd4 Rac8 24. Bxg7 Kxg7 25. Qd4+ Kg8 26. Re5 Bf7 27. Rc5 Rfe8 28.
Rxa5 Rxe5 29. Qxe5 Re8 30. Qd4 Re1+ 31. Kf2 Qe7 32. Ra8+ Be8 33. Qd3 Re4 34. Bd1
Kf7 35. Bf3 Qc5+ 36. Kg2 Re7 37. Ra3 Qd6 38. Rc3 Bd7 39. Qd4 Qf6 40. Qxf6+ Kxf6
41. a4 Ke6 42. Kf2 Kd6 43. b4 Re8 44. Ra3 Rb8 45. Rb3 Kc7 46. Be2 c5 47. b5 Kb6
48. Ke3 d4+ 49. Kd2 Re8 50. Bc4 Be6 51. Bxe6 Rxe6 52. Rb2 c4 53. Rb1 Re8 54. Rb4
c3+ 55. Kd3 Rc8 56. Kc2 d3+ 57. Kc1 c2 58. Rd4 Rc3 59. Rd6+ Kc7 60. Rd4 Ra3 61.
Rd5 Ra1+ 62. Kd2 c1=Q+ 63. Kxd3 Rxa4 64. Rd4 Qd1+ 0-1

[Event "ch-FRA Blitz Online Qual"]
[Site "Europe-Chess INT"]
[Date "2020.05.16"]
[Round "15"]
[White "Lesueur, Gabriel"]
[Black "Calistri, Tristan"]
[Result "0-1"]
[BlackTitle "IM"]
[WhiteElo "1906"]
[BlackElo "2288"]
[WhiteFideId "45186359"]
[BlackFideId "607843"]
[EventDate "2020.05.16"]

1. e4 c5 2. d4 cxd4 3. Nf3 b6 4. Nxd4 Bb7 5. Nc3 a6 6. Bc4 e6 7. O-O Qc7 8. Bb3
Nf6 9. Qe2 Bb4 10. e5 Nc6 11. exf6 Nxd4 12. fxg7 Nxe2+ 13. Nxe2 Rg8 14. Bh6 Qc6
15. f3 Qc5+ 16. Kh1 Qh5 17. Be3 Rxg7 18. Bxb6 Bd6 0-1

[Event "ch-FRA Blitz Online Qual"]
[Site "Europe-Chess INT"]
[Date "2020.05.16"]
[Round "15"]
[White "Bouget, Alexandre"]
[Black "Delin, Valere"]
[Result "1-0"]
[WhiteTitle "FM"]
[WhiteElo "2238"]
[BlackElo "2043"]
[WhiteFideId "681318"]
[BlackFideId "45107254"]
[EventDate "2020.05.16"]

1. d4 Nf6 2. c4 g6 3. Nc3 c5 4. d5 Bg7 5. e4 d6 6. f4 e6 7. Nf3 exd5 8. cxd5 O-O
9. Bd3 Nbd7 10. O-O Ne8 11. Kh1 Nc7 12. a4 Rb8 13. Be3 Re8 14. Bf2 a6 15. Bh4
Bf6 16. Bxf6 Qxf6 17. e5 dxe5 18. Ne4 Qb6 19. d6 Ne6 20. fxe5 Nd4 21. Nxd4 cxd4
22. Bc4 Nxe5 23. Nf6+ Kf8 24. Qd2 Qxd6 25. Rae1 Re6 26. Qh6+ Ke7 27. Qg5 Rxf6
28. Rxe5+ Kf8 29. Rxf6 Qb4 30. Rxf7+ Kg8 31. Re8+ 1-0

[Event "ch-FRA Blitz Online Qual"]
[Site "Europe-Chess INT"]
[Date "2020.05.16"]
[Round "15"]
[White "Goulesque, Camille"]
[Black "Daurelle, Herve"]
[Result "0-1"]
[BlackTitle "FM"]
[WhiteElo "1899"]
[BlackElo "2205"]
[WhiteFideId "26086140"]
[BlackFideId "602655"]
[EventDate "2020.05.16"]

1. d4 Nf6 2. c4 e6 3. Nf3 c5 4. e3 d5 5. Nc3 a6 6. a3 Nc6 7. Be2 dxc4 8. O-O
cxd4 9. exd4 b5 10. Bg5 Be7 11. Qc2 O-O 12. Rad1 Nd5 13. Bxe7 Qxe7 14. Ne4 Nf4
15. Nc5 Nxe2+ 16. Qxe2 Bb7 17. Qe4 Na5 18. Qg4 Bxf3 19. Qxf3 Rad8 20. h3 Rd5 21.
Rfe1 Rfd8 22. Re4 Nc6 23. Nxa6 Nxd4 24. Qg4 f5 25. Qh4 Nf3+ 26. gxf3 Rxd1+ 27.
Kh2 Qd6+ 28. Rf4 Qxa6 29. Qg3 Qd6 30. h4 Rd4 31. Rxd4 Qxg3+ 32. Kxg3 Rxd4 33. f4
Rd3+ 34. Kg2 Rb3 35. f3 Rxb2+ 36. Kg3 c3 37. h5 c2 38. a4 c1=Q 39. Kh4 Qh1+ 40.
Kg5 Rg2# 0-1

[Event "ch-FRA Blitz Online Qual"]
[Site "Europe-Chess INT"]
[Date "2020.05.16"]
[Round "15"]
[White "Pigeat, Benoit"]
[Black "Alloui-Cros, Baptiste"]
[Result "1-0"]
[WhiteElo "1873"]
[BlackElo "2139"]
[WhiteFideId "20643390"]
[BlackFideId "20699824"]
[EventDate "2020.05.16"]

1. e4 Nf6 2. Nc3 e5 3. Nf3 Nc6 4. Bb5 Nd4 5. Bc4 Bc5 6. O-O O-O 7. Nxe5 d6 8.
Nd3 Bg4 9. f3 Nxf3+ 10. Kh1 Nd4 11. Qe1 Nxc2 12. Qg3 Nxa1 13. Nxc5 dxc5 14. e5
Be6 15. exf6 g6 16. Qh4 Kh8 17. d3 Bxc4 18. dxc4 Qd3 19. Rd1 Qf5 20. Bh6 Nc2 21.
Bg7+ Kg8 22. Nd5 Rae8 23. Bxf8 g5 24. Qh6 Qg6 25. Ne7+ Kh8 26. Bg7+ 1-0

[Event "ch-FRA Blitz Online Qual"]
[Site "Europe-Chess INT"]
[Date "2020.05.16"]
[Round "15"]
[White "Chabradze, Boris"]
[Black "Bosc, Gabriel"]
[Result "1-0"]
[WhiteElo "2101"]
[BlackElo "1994"]
[WhiteFideId "13603019"]
[BlackFideId "26086743"]
[EventDate "2020.05.16"]

1. e4 c5 2. Nf3 Nc6 3. d4 cxd4 4. Nxd4 g6 5. Nc3 Bg7 6. Be3 Nf6 7. Nxc6 dxc6 8.
Qxd8+ Kxd8 9. O-O-O+ Ke8 10. Bd4 Bg4 11. f3 Be6 12. g4 h6 13. h4 Kf8 14. Be2 Nd7
15. f4 f5 16. h5 gxh5 17. gxf5 Bf7 18. Bxh5 Bxd4 19. Rxd4 Nf6 20. Bg6 Bxg6 21.
fxg6 Kg7 22. e5 Nd5 23. Nxd5 Rad8 24. Nxe7 Rxd4 25. Nf5+ Kxg6 26. Nxd4 Rd8 27.
f5+ Kf7 28. Ne6 Rd5 29. Re1 h5 30. Nf4 Ra5 31. Nxh5 Rxa2 32. e6+ Ke7 33. f6+ Kf8
34. e7+ Ke8 35. f7+ Kxf7 36. e8=Q# 1-0

[Event "ch-FRA Blitz Online Qual"]
[Site "Europe-Chess INT"]
[Date "2020.05.16"]
[Round "15"]
[White "Robert, Mathias"]
[Black "Dore, Armand"]
[Result "1-0"]
[WhiteElo "2140"]
[BlackElo "1855"]
[WhiteFideId "26066769"]
[BlackFideId "680508"]
[EventDate "2020.05.16"]

1. e4 c5 2. Nf3 d6 3. d4 cxd4 4. Nxd4 Nf6 5. Nc3 g6 6. g3 Bg7 7. Bg2 O-O 8. O-O
Nc6 9. Nxc6 bxc6 10. f4 Qb6+ 11. Kh1 Ng4 12. Qe2 Ba6 13. Qxg4 Bxf1 14. Bxf1 Qf2
15. Qe2 Qb6 16. Nd1 a5 17. Be3 Qb7 18. c3 c5 19. Bg2 Rab8 20. Rc1 a4 21. a3 Qb3
22. Rc2 Rb6 23. h4 h5 24. Nf2 Rfb8 25. Nd3 Qe6 26. Kh2 Rb3 27. Qf3 Qc4 28. Bf1
Qe6 29. f5 Qd7 30. Bh3 Qb5 31. Bg5 Rb7 32. fxg6 fxg6 33. Be6+ Kh7 34. Qf7 Qxd3
35. Qg8# 1-0

[Event "ch-FRA Blitz Online Qual"]
[Site "Europe-Chess INT"]
[Date "2020.05.16"]
[Round "15"]
[White "Bakouri, Abdelmajid"]
[Black "Masset, Jacques"]
[Result "0-1"]
[WhiteElo "1871"]
[BlackElo "2058"]
[WhiteFideId "7901682"]
[BlackFideId "20603703"]
[EventDate "2020.05.16"]

1. e4 g6 2. d4 Bg7 3. f4 d5 4. e5 c5 5. c3 cxd4 6. cxd4 Nc6 7. Nf3 Nh6 8. h3 O-O
9. Bd3 Nf5 10. Bc2 Qb6 11. Bxf5 Bxf5 12. Nc3 Rfd8 13. Qb3 Qxb3 14. axb3 Be4 15.
Be3 Bxf3 16. gxf3 e6 17. Na4 b6 18. Ke2 Na5 19. Ra3 Rac8 20. Nc3 Bf8 21. Ra2 Rd7
22. Nb5 a6 23. Nc3 Bb4 24. Bd2 Nxb3 25. Rxa6 Rc4 26. Rxb6 Nxd4+ 27. Kd3 Nxf3 28.
Bc1 Rdc7 29. Na2 Be7 30. Be3 Nh4 31. Nc3 Nf5 32. Bd2 Rd4+ 33. Ke2 Rdc4 34. Rg1
Bc5 35. Rg2 Bxb6 36. h4 d4 37. Ne4 Rc2 38. Nf6+ Kg7 39. Kd3 Ba5 40. Rg5 Rxd2+
41. Ke4 Re2+ 42. Kf3 Re3+ 43. Kf2 Rc2+ 0-1